00504nam a2200145 a 450000100100000000500170001000800410002702000180006804000250008610000300011124500810014126000460022230000280026850000620029600001340820240404094740.0091124s2008 dr a 000 0 spa d a9789945452631 aDO-SdBNPbspacBNPHU1 aCruz Sánchez, Filiberto14aLas elecciones en tiempos de Leonel Fernández /cFiliberto Cruz Sánchez. aSanto Domingo, :bEl nuevo diario,c2008. a102 p. :bil. ;c21 cm. aIncluye datos biografícos del autor en la contraportada